Country Flags by Detail #1 - Statistics

General Stats
  • This quiz has been taken 17 times
  • The average score is 7 of 10
Answer Stats
Description Country % Correct
Star of David Israel
100%
Union Jack United Kingdom
94%
Eagle on a Cactus Mexico
88%
Yellow Star Vietnam
82%
Ordem e Progresso Brazil
76%
Rising Sun Japan
76%
Original Colonies United States
76%
Chakra India
59%
Carpet Design Turkmenistan
53%
Pink Lion Spain
35%
No matching quizzes found
Score Distribution
Percent of People with Each Score
Percentile by Number Answered
Your Score History
You have not taken this quiz